Golden State Warriors: Most 3-PT FGs Each Year - Statistics

General Stats
  • This quiz has been taken 363 times
    107 since last reset
  • The average score is 20 of 45
Answer Stats
Year Player 3-PT FGs % Correct
2009-2010 Stephen Curry 166
100%
2012-2013 Stephen Curry 272
100%
2013-2014 Stephen Curry 261
100%
2014-2015 Stephen Curry 286
100%
2015-2016 Stephen Curry 402
100%
2016-2017 Stephen Curry 324
100%
2018-2019 Stephen Curry 354
100%
2020-2021 Stephen Curry 337
100%
2021-2022 Stephen Curry 285
100%
2023-2024 Stephen Curry 357
100%
2011-2012 Klay Thompson 111
97%
2017-2018 Klay Thompson 229
97%
2022-2023 Klay Thompson 301
97%
1987-1988 Chris Mullin 34
72%
1989-1990 Chris Mullin 87
72%
1990-1991 Tim Hardaway 97
49%
1991-1992 Tim Hardaway 127
49%
1992-1993 Tim Hardaway 102
49%
1994-1995 Tim Hardaway 168
49%
2019-2020 D'Angelo Russell 120
48%
2001-2002 Jason Richardson 82
42%
2002-2003 Jason Richardson 123
42%
2004-2005 Jason Richardson 125
42%
2005-2006 Jason Richardson 183
42%
2006-2007 Jason Richardson 110
42%
2007-2008 Stephen Jackson 182
26%
1993-1994 Latrell Sprewell 141
22%
1996-1997 Latrell Sprewell 147
22%
1985-1986 Sleepy Floyd 39
16%
1986-1987 Sleepy Floyd 73
16%
1983-1984 Purvis Short 22
10%
1984-1985 Purvis Short 47
10%
2003-2004 Clifford Robinson 112
5%
1995-1996 B.J. Armstrong 98
2%
2010-2011 Dorell Wright 194
2%
1988-1989 Rod Higgins 66
2%
1997-1998 Donyell Marshall 63
1%
2008-2009 Jamal Crawford 107
1%
1980-1981 Joe Hassett 43
1%
1981-1982 Joe Hassett 71
1%
1979-1980 John Lucas 12
1%
1998-1999 John Starks 78
1%
1999-2000 Mookie Blaylock 101
1%
2000-2001 Mookie Blaylock 73
1%
1982-1983 Lorenzo Romar 10
0%
No matching quizzes found
Score Distribution
Percent of People with Each Score
Percentile by Number Answered
Your Score History
You have not taken this quiz since the last reset